000
00293nam a22001337a 4500
008
171123b xxu||||| |||| 00| 0 eng d
020
_a
0201198266
041
_a
eng
080
_2
2 ED
_a
004
100
_a
37
101
_a
SHK
245
_a
COMPUTING CONCEPTS
_c
DAVIS..W.S
942
_2
udc
_c
BK
999
_c
38407
_d
38407